000
00339nam a2200133Ia 4500
008
240624s9999 xx 000 0 und d
041
_a
eng
082
_a
306.3 RAJ
100
_a
RAJAN RAGHURAM
245
_a
THIRD PILLAR HOW MARKETS AND THE STATE L
260
_c
2019
_a
New York
_b
Penguin Press
300
_a
434p. ;23cm.
365
_c
_b
33
999
_c
32790
_d
32790